Múzeum a galéria fotografie
Gespeichert in:
| 1. Verfasser: | |
|---|---|
| Weitere Verfasser: | |
| Format: | Manuskript Buch |
| Sprache: | Slowakisch |
| Veröffentlicht: |
Bratislava
2016
|
| Schlagworte: | |
| Online-Zugang: | http://is.stuba.sk/zp/portal_zp.pl?podrobnosti=102399 |
| Tags: |
Keine Tags, Fügen Sie das erste Tag hinzu!
|
MARC
| LEADER | 00000ntm a22000003a 4500 | ||
|---|---|---|---|
| 001 | stuzp57830 | ||
| 003 | SK-STU | ||
| 005 | 20210219103912.8 | ||
| 007 | ta | ||
| 008 | 150427s2015----xo-----f-mn---000-0-slo-d | ||
| 040 | |a STU |b slo | ||
| 041 | 0 | |a slo | |
| 100 | 1 | |a Figlár, Matúš |u 058180 |4 aut |U FAD Fakulta architektúry |T FA Ústav architektúry občianskych budov |X 61679 |U A8180 |Y 399 |7 61679 | |
| 242 | 0 | 1 | |a Museun and gallery of photography |y eng |
| 245 | 1 | 0 | |a Múzeum a galéria fotografie |
| 260 | |c 2016 |a Bratislava | ||
| 650 | 4 | |a Vývoj |2 slo | |
| 650 | 4 | |a Fotografia |2 slo | |
| 650 | 4 | |a História |2 slo | |
| 650 | 4 | |a calotype |2 eng | |
| 650 | 4 | |a film |2 eng | |
| 650 | 4 | |a camera |2 eng | |
| 700 | 1 | |a Bátor, Jozef |u 058180 |k Z1 |4 ths |U FAD Fakulta architektúry |T FA Ústav architektúry občianskych budov |X 4810 |U A8180 |Y 399 |7 A000004810 | |
| 856 | 4 | |u http://is.stuba.sk/zp/portal_zp.pl?podrobnosti=102399 |u https://opac.crzp.sk/?fn=detailBiblioForm&sid=28C7416B5E23CF19947471CEF8E1 | |
| SQL | |a stuzp57830 |b DBP |c SLO |d Múzeum a galéria fotografie |e 61679 |f Figlár, Matúš |g 058180 |h 4810 |i Bátor, Jozef |j 20160609 |k 149 |l 05 |m http://is.stuba.sk/zp/portal_zp.pl?podrobnosti=102399 |n B-AU |o 5.1.1. architektúra a urbanizmus | ||